La suspensión de la ejecución de la pena de prisión con imposición de «prestaciones o medidas»

Organic Law 1/2015, on the reform of the Criminal Code of Spain, changed the regulation of the alternatives to the execution of sentences involving deprivation of liberty. One of the novelties worth noting among those introduced is the abolition of the substitution of the sentence of imprisonment se...

Full description

Saved in:  
Bibliographic Details
Main Author: Alastuey, Carmen (Author)
Format: Electronic Article
Language:Spanish
Published: 2021
In: Estudios penales y criminologicos
Year: 2021, Volume: 41, Pages: 1225-1309
Online Access: Volltext (kostenfrei)
Volltext (kostenfrei)
Check availability: HBZ Gateway
Keywords:

MARC

LEADER 00000caa a22000002c 4500
001 1784398381
003 DE-627
005 20220112105451.0
007 cr uuu---uuuuu
008 211230s2021 xx |||||o 00| ||spa c
024 7 |a 10.15304/epc.41.7734  |2 doi 
035 |a (DE-627)1784398381 
035 |a (DE-599)KXP1784398381 
040 |a DE-627  |b ger  |c DE-627  |e rda 
041 |a spa 
084 |a 2,1  |2 ssgn 
100 1 |a Alastuey, Carmen  |e VerfasserIn  |4 aut 
245 1 3 |a La suspensión de la ejecución de la pena de prisión con imposición de «prestaciones o medidas» 
264 1 |c 2021 
336 |a Text  |b txt  |2 rdacontent 
337 |a Computermedien  |b c  |2 rdamedia 
338 |a Online-Ressource  |b cr  |2 rdacarrier 
520 |a Organic Law 1/2015, on the reform of the Criminal Code of Spain, changed the regulation of the alternatives to the execution of sentences involving deprivation of liberty. One of the novelties worth noting among those introduced is the abolition of the substitution of the sentence of imprisonment set forth by article 88 of the Criminal Code and the introduction, in return, of an exceptional form of suspension of execution of imprisonment that entails the mandatory imposition of measures that are punitive in nature—fines and community sentences. These measures may also be imposed on the other forms of suspension. This work offers an analysis of the repercussions of these changes in the foundations and configuration of the suspension of execution (articles 80 and following of the Criminal Code), with special attention paid to the study of the above-mentioned exceptional case of suspension. 
650 4 |a Mediación 
650 4 |a Responsabilidad civil derivada del delito 
650 4 |a Satisfacción de los intereses de la víctima 
650 4 |a Prestaciones de multa y trabajos en beneficio de la comunidad 
650 4 |a Prevención especial 
650 4 |a Prevención general 
650 4 |a Reafirmación del ordenamiento jurídico 
650 4 |a Fines de la pena 
650 4 |a Sustitución de la prisión 
650 4 |a Suspensión de la ejecución de la prisión 
650 4 |a Sustitutivos penales 
650 4 |a Alternativas a la ejecución de las penas privativas de libertad 
773 0 8 |i Enthalten in  |t Estudios penales y criminologicos  |d Santiago de Compostela : Univ., 1979  |g 41(2021), Seite 1225-1309  |h Online-Ressource  |w (DE-627)756823951  |w (DE-600)2727276-X  |w (DE-576)392066939  |x 2340-0080  |7 nnas 
773 1 8 |g volume:41  |g year:2021  |g pages:1225-1309 
856 |u https://revistas.usc.gal/index.php/epc/article/download/7734/11100  |x unpaywall  |z Vermutlich kostenfreier Zugang  |h publisher [deprecated] 
856 4 0 |u https://doi.org/10.15304/epc.41.7734  |x Resolving-System  |z kostenfrei  |3 Volltext  |7 0 
856 4 0 |u https://revistas.usc.gal/index.php/epc/article/view/7734  |x Verlag  |z kostenfrei  |3 Volltext  |7 0 
935 |a mkri 
951 |a AR 
ELC |a 1 
LOK |0 000 xxxxxcx a22 zn 4500 
LOK |0 001 4028141915 
LOK |0 003 DE-627 
LOK |0 004 1784398381 
LOK |0 005 20211230061529 
LOK |0 008 211230||||||||||||||||ger||||||| 
LOK |0 035   |a (DE-2619)KrimDok#2021-12-29#B88A7653792C4B15E2162A1D68493CD80BED3B55 
LOK |0 040   |a DE-2619  |c DE-627  |d DE-2619 
LOK |0 092   |o n 
LOK |0 852   |a DE-2619 
LOK |0 852 1  |9 00 
LOK |0 935   |a zota 
LOK |0 939   |a 30-12-21  |b l01 
OAS |a 1 
ORI |a SA-MARC-krimdoka001.raw